| 000 | 01596cam a22003014a 4500 | ||
|---|---|---|---|
| 001 | 15773947 | ||
| 005 | 20221120131121.0 | ||
| 008 | 090612s2010 maua b 001 0 eng | ||
| 010 | _a 2009023848 | ||
| 020 | _a9780674035881 (hbk.) | ||
| 020 | _a0674035887 (hbk.) | ||
| 035 | _a(OCoLC)ocn318876881 | ||
| 040 |
_aDLC _cDLC _dBTCTA _dYDXCP _dC#P _dDLC |
||
| 043 | _an-us--- | ||
| 050 | 0 | 0 |
_aKF9666.5 _b.K39 2010 |
| 082 | 0 | 0 |
_a347.764 _bKAY |
| 100 | 1 |
_aKaye, D. H. _q(David H.), _d1947- _9103205 |
|
| 245 | 1 | 4 |
_aThe double helix and the law of evidence / _cDavid H. Kaye. |
| 260 |
_aLondon : _bHarvard University Press, _c2010. |
||
| 300 |
_axvi, 330 p. : _bill. ; _c24 cm. |
||
| 504 | _aIncludes bibliographical references (p. [293]-318) and index. | ||
| 505 | 0 | _aBefore DNA : genetic markers -- Trial by mathematics -- The dawn of DNA typing -- The emergence of VNTR profiling -- The intensifying debate over probability and population genetics -- The initial reaction to the 1992 NRC report -- Ending the debate over population genetics -- Moving back to errors and relatives -- Moving on to short tandem repeat loci -- Transcending race and unscrambling mixed stains -- Outside the nucleus : mitochondrial DNA -- Stray hairs -- Learning from DNA. | |
| 650 | 0 |
_aDNA fingerprinting _xLaw and legislation _zUnited States. _9103206 |
|
| 650 | 0 |
_aForensic genetics. _9103207 |
|
| 906 |
_a7 _bcbc _corignew _d1 _eecip _f20 _gy-gencatlg |
||
| 942 |
_2ddc _cBK |
||
| 999 |
_c592449 _d592449 |
||